| 000 | 00721cam a2200205 4500 | ||
|---|---|---|---|
| 001 | WB3833-15 | ||
| 008 | 020911n2002 000 0 eng u | ||
| 035 | _a(Sirsi) u119668 | ||
| 245 | _aTop estate agency websites | ||
| 260 | _c2002 | ||
| 490 |
_aEstate Agency News _v September 2002, 13(1) |
||
| 520 | _aNew survey by media research specialists Nielsen ranks UK estate agency portals by number of unique users and time on site. The top four sites are rightmove.co.uk, assertahome.co.uk, primelocation.co.uk and propertyfinder.co.uk. | ||
| 590 | _aWB | ||
| 650 | _aESTATE AGENCIES | ||
| 650 | _aRANKINGS | ||
| 650 | _aPORTALS | ||
| 650 | _aWEBSITES | ||
| 690 | _aINFORMATION TECHNOLOGY-INTERNET | ||
| 942 | _n0 | ||
| 999 |
_c71139 _d71139 |
||